000
00262nmm a2200085Ia 4500
008
220120s9999||||xx |||||||||||||||||und||
100
_a
Digit
245
0
_a
Essential software and drivers, IDES for all languages, refe
260
_a
Nine dot nine interactive ltd.
_c
2012
999
_c
139738
_d
139738